000 00645nam a22001937a 4500
003 OSt
005 20210301072005.0
008 210226s1991 ||||| |||| 00| 0 eng d
040 _aeng
_beng
_cDLC
_deng
041 _aeng
080 _a616.8
_bP-56
100 _91184
_aPhelps, Charles
245 _aThis Special Edition of Traumatic Injuries of the Brain and Its Membranes
_b/ by: The Classics of Neurology and Neurosurgery Library
260 _aBirmingham, Alabama
_bThe Classics of Neurology and Neurosurgery Library
_c1991
300 _a582 p.
_bill.
650 0 _9100
_aNeurology
653 _aნევროლოგია
942 _2udc
_cBK
999 _c1807
_d1807